Jury d'On n'demande qu'à en rire par images - Statistiques

Statistiques générales
  • Ce quiz a été pris 49 fois
  • Le résultat moyen est 8 sur 19
Statistiques - réponses
Par images Réponse % Correct
Jean Benguigui
93%
Jean-Marie Bigard
90%
Catherine Barma
83%
Laurent Ruquier
83%
Michèle Bernier
81%
Isabelle Mergault
69%
Éric Métayer
55%
Danièle Évenou
40%
Philippe Gildas
40%
Virginie Lemoine
40%
Patrice Leconte
36%
Fabrice
33%
Jean-Luc Moreau
31%
Anne-Sophie Aparis
26%
Alain Sachs
14%
Grégoire Furrer
10%
Marie-Pascale Osterrieth
7%
Stéphanie Bataille
5%
Laurent Thibault
2%
Aucun quiz correspondant
Distribution des résultats
% des personnes avec chaque résultat
Percentile par nombre de réponses
Votre historique - résultats
Vous n’avez pas pris ce quiz